Εκπαιδευτική αξιολόγηση

Αποθηκεύτηκε σε:
Λεπτομέρειες βιβλιογραφικής εγγραφής
Κύριος συγγραφέας: Δημητρόπουλος, Ευστάθιος Γ., 1944-
Μορφή: Βιβλίο
Γλώσσα:Greek
Δημοσίευση: Αθήνα : Γρηγόρη, 2007.
Θέματα:
Ετικέτες: Προσθήκη ετικέτας
Δεν υπάρχουν, Καταχωρήστε ετικέτα πρώτοι!

MARC

LEADER 00000cam a2200000 i 4500
001 1/73140
008 080201s2007 gr | ||| |||| ||gre||
020 |a 9603331694  |q (τ.1) 
020 |a 9603331708   |q (τ.2) 
035 |l 10094325 
040 |a GR-MY-UA  |b gre  |e aacr 
041 0 |a gre 
082 7 |a 371.27   |2 (22) 
100 1 |a Δημητρόπουλος, Ευστάθιος Γ.,   |d 1944- 
245 1 0 |a Εκπαιδευτική αξιολόγηση /   |c Ευστ. Γ. Δημητρόπουλος.  
260 |a Αθήνα :   |b Γρηγόρη,   |c 2007.  
300 |a 2τ. ;   |c 24 εκ. 
500 |a Το Παράρτημα της Ρόδου διαθέτει την 5η ανανεωμένη έκδοση του 1ου τόμου. 
500 |a Το Παράρτημα της Ρόδου διαθέτει την 7η ανανεωμένη και συμπληρωμένη έκδοση του 2ου τόμου. 
504 |a Περιλαμβάνει βιβλιογραφίες και ευρετήριο. 
505 0 |a Τ.1. Η αξιολόγηση της εκπαίδευσης και του εκπαιδευτικού έργου -- τ.2. Η αξιολόγηση του μαθητή. Θεωρία - πράξη - προβλήματα 
650 0 0 |a Education  |x Evaluation. 
650 0 0 |a Curriculum evaluation. 
650 0 0 |a Educational tests and measurements. 
650 0 0 |a Schools  |x Evaluation. 
740 0 2 |a Η αξιολόγηση του μαθητή. Θεωρία - πράξη - προβλήματα 
740 0 2 |a Η αξιολόγηση της εκπαίδευσης και του εκπαιδευτικού έργου 
852 |a INST  |b RHODES  |e 20080228  |h 371.27 ΔΗΜ  |p 005400029686  |q 005400029686  |t BK  |y 4  |x 20221219  |z τ.1 
852 |a INST  |b RHODES  |e 20080201  |h 371.27 ΔΗΜ  |p 005400030101  |q 005400030101  |t BK  |y 4  |x 20221219  |z τ.2 
852 |a INST  |b RHODES  |e 20080228  |h 371.27 ΔΗΜ  |p 005400029686  |q 005400029686  |t BK  |v τ.1:  |y 4  |x 20221219  |z τ.1 
852 |a INST  |b RHODES  |e 20080201  |h 371.27 ΔΗΜ  |p 005400030101  |q 005400030101  |t BK  |v τ.2:  |y 4  |x 20221219  |z τ.2 
852 |a INST  |b RHODES  |c EUDOXUS  |e 20130417  |h 371.27 ΔΗΜ  |p 005400035099  |q 005400035099  |t EDX  |y 0  |z τ.1 
852 |a INST  |b RHODES  |c EUDOXUS  |e 20130423  |h 371.27 ΔΗΜ  |p 005400035132  |q 005400035132  |t EDX  |y 4  |x 20221222  |z τ.1 
852 |a INST  |b RHODES  |c EUDOXUS  |e 20130417  |h 371.27 ΔΗΜ  |p 005400035099  |q 005400035099  |t EDX  |v τ.1:  |y 0  |z τ.1 
852 |a INST  |b RHODES  |c EUDOXUS  |e 20130423  |h 371.27 ΔΗΜ  |p 005400035132  |q 005400035132  |t EDX  |v τ.1:  |y 4  |x 20221222  |z τ.1 
853 |a INST  |b RHODES  |h 371.27 ΔΗΜ 
853 |a INST  |b RHODES  |c EUDOXUS  |h 371.27 ΔΗΜ 
901 |a BIBL4-2008-1 
901 |a BIBL4-2013-1 
909 |a Ρ  |b 144419 
909 |a Ρ  |b 145955 
909 |a Ρ  |b 176628 
909 |a Ρ  |b 176661 
920 |a ΕΥΔΟΞΟΣ  |b ΕΠΙΣΤΡΟΦΗ  |y Ρόδος  |z 2013-04 
922 |a 4ΕΛΗ  |b 200801  |c ΕΠΕΑΕΚ2/ΤΕΠΑΕΣ  |d Σ. ΠΑΤΑΚΗΣ 
970 |a ΧΑΡΙΟΠΟΛΙΤΟΥ  |b ΚΩΝΣΤΑΝΤΙΝΑ  |z 2008/02/01